| 000 | 00417nmm a2200145Ia 4500 | ||
|---|---|---|---|
| 008 | 251105s9999||||xx |||||||||||||||||und|| | ||
| 041 | _aspa | ||
| 100 | _aChapman, Miguel | ||
| 245 | 0 |
_aEl Nibiru : _b Ocaso |
|
| 264 |
_a[Madrid, España] : _bMedinaliber Hispánica, _c2020 |
||
| 300 | _a0 páginas | ||
| 650 | _aLatin American narrative | ||
| 856 | _uhttps://public.digitaliapublishing.com/a/100051 | ||
| 942 | _cCF | ||
| 999 |
_c106691 _d106691 |
||